Iron Maiden "Legacy of the Beast" setlist - Statistics

General Stats
  • This quiz has been taken 138 times
  • The average score is 14 of 16
Answer Stats
Album Song % Correct
11 Fear of the Dark Fear of the Dark
97%
16 The Number of the Beast Run to the Hills
97%
12 The Number of the Beast The Number of the Beast
97%
5 Piece of Mind The Trooper
97%
1 Powerslave Aces High
96%
10 Piece of Mind Flight of Icarus
95%
13 Iron Maiden Iron Maiden
95%
15 The Number of the Beast Hallowed Be Thy Name
94%
3 Powerslave 2 Minutes to Midnight
87%
8 Brave New World The Wicker Man
82%
2 Piece of Mind Where Eagles Dare
82%
4 Virtual XI The Clansman
79%
14 Seventh Son of a Seventh Son The Evil That Men Do
78%
6 Piece of Mind Revelations
76%
9 The X Factor Sign of the Cross
76%
7 A Matter of Life and Death For the Greater Good of God
63%
No matching quizzes found
Score Distribution
Percent of People with Each Score
Percentile by Number Answered
Your Score History
You have not taken this quiz